000 00457nam a2200181Ia 4500
001 13898
005 20260306164834.0
008 260306t1998||||xx |||||||||||||| ||spa||
041 _aESP
082 _a005.43
_bT19S 1998
100 _aTanenbaum, Andrew S.
_eAUT
245 0 _aSistemas operativos:
_bdiseño e implementación
260 _c1998
300 _axix, 939 páginas :
_c23 cm.
650 _aGEN
654 _aCCC
942 _cLIB
_dJUS
_fJUS
_2ddc
_n
999 _c13898
_d13898